000 00456nam a22001697a 4500
005 20260423113351.0
008 260423b |||||||| |||| 00| 0 eng d
037 _cDSWL
040 _aDSWL
_cDSWL
100 _aSaxena, Priti Nath
_91235470
245 _aDalit paradigm
260 _aJaipur,
_bRawat Publication,
_c2017
300 _a167p
365 _aINR
_b595
942 _2CC
_cTEXL
_n0
999 _c1848404
_d1848404